Представление документа в формате MARC21

Поле Инд. ПП Название Значение
Тип записи a
Библиографический уровень b
001 Контрольный номер AdmiBIBL00015717
005 Дата корректировки 20141216140638.6
008 Кодируемые данные 071114
040 a Служба первич. каталог. НБ ТвГУ
041 a Код языка текста rus
098 b Факультет Педагогический
c Кафедра теологии
100 1_ a Автор Гурин А. Б.
245 00 a Заглавие Некоторые методические моменты обучения грамоте в традиционном русском обществе
c Ответственность А. Б. Гурин
650 a Основная рубрика Образование
x Основная подрубрика История
x Основная подрубрика Россия
653 a Ключевые слова История России
a Ключевые слова История образования
a Ключевые слова Грамотность
a Ключевые слова Обучение грамоте
a Ключевые слова Православное образование
a Ключевые слова Труды Тверского государственного университета
773 t Название источника Родная словесность в школе и вузе : межвуз. сб. науч. тр. /Твер. гос. ун-т ; [редкол.: Т. В. Бабушкина (отв. ред.) и др.]
d Место и дата издания Тверь : ТвГУ, 2004
g Прочая информация С. 7-13
w Контрольный № источника RU/IS/BASE/356616740
852 h Классифик. часть индекса *
901 t Тип документа a
999 a Подразделение 2 В б-ке нет